Taschenbuch Maschinenbau. Band 3

Guardado en:
Detalles Bibliográficos
Formato: Libro
Lenguaje:alemán
Publicado: Berlin : VEB Verlag Technik, 1971
Materias:
Etiquetas: Agregar Etiqueta
Sin Etiquetas, Sea el primero en etiquetar este registro!

MARC

LEADER 00000nam a22000003a 4500
001 stu43079
005 20150408180524.3
008 940718s1971----gw------------------ger-d
040 |a STU  |b slo 
041 0 |a ger 
044 |a gw 
080 |a 621.01 
245 |a Taschenbuch Maschinenbau. Band 3 
260 |a Berlin :  |b VEB Verlag Technik,  |c 1971 
300 |a 826 s 
650 7 |a strojárstvo  |2 stusub 
996 |b 284M016198  |c M*3989/3/1-1  |l MMKN  |s A  |a 24  |w stu43079_0001